The effective temperature of WWPR fuel in the assessment of safety assurance; Современные техника и технологии; Т. 1

Bibliografiske detaljer
Parent link:Современные техника и технологии: сборник трудов XXI международной научной конференции студентов, аспирантов и молодых ученых, Томск, 5-9 октября 2015 г./ Национальный исследовательский Томский политехнический университет (ТПУ).— , 2015
Т. 1.— [С. 229-231]
Hovedforfatter: Nedyak M. S.
Institution som forfatter: Национальный исследовательский Томский политехнический университет (ТПУ) Энергетический институт (ЭНИН) Кафедра атомных и тепловых электростанций (АТЭС)
Andre forfattere: Kahn A. Y. (научный руководитель), Kuzmin A. V. Arian Valerievich
Summary:Заглавие с титульного экрана
Sprog:engelsk
Udgivet:
Serier:Power industry
Fag:
Online adgang:http://earchive.tpu.ru/handle/11683/22148
http://www.lib.tpu.ru/fulltext/c/2015/C01/V1/070.pdf
Format: MixedMaterials Electronisk Book Chapter
KOHA link:https://koha.lib.tpu.ru/cgi-bin/koha/opac-detail.pl?biblionumber=615111

MARC

LEADER 00000naa2a2200000 4500
001 615111
005 20240115125813.0
035 |a (RuTPU)RU\TPU\conf\13310 
035 |a RU\TPU\conf\13309 
090 |a 615111 
100 |a 20151026d2015 k y0rusy50 ba 
101 0 |a eng 
102 |a RU 
105 |a y z 101zy 
135 |a drgn ---uucaa 
181 0 |a i  
182 0 |a b 
200 1 |a The effective temperature of WWPR fuel in the assessment of safety assurance  |d Эффективная температура топлива ВВЭР в оценке обеспечения безопасности  |f M. S. Nedyak, A. Y. Kahn, A. V. Kuzmin  |g sci. adv. A. V. Kuzmin 
203 |a Текст  |c электронный 
225 1 |a Power industry 
300 |a Заглавие с титульного экрана 
320 |a [Библиогр.: с. 231 (5 назв.)] 
337 |a Adobe Reader 
461 1 |0 (RuTPU)RU\TPU\conf\13102  |t Современные техника и технологии  |o сборник трудов XXI международной научной конференции студентов, аспирантов и молодых ученых, Томск, 5-9 октября 2015 г.  |o в 2 т.  |f Национальный исследовательский Томский политехнический университет (ТПУ)  |d 2015 
463 0 |0 (RuTPU)RU\TPU\conf\13104  |t Т. 1  |f под ред. А. А. Сивкова [и др.]  |v [С. 229-231] 
510 1 |a Эффективная температура топлива ВВЭР в оценке обеспечения безопасности  |z rus 
610 1 |a труды учёных ТПУ 
610 1 |a электронный ресурс 
610 1 |a температура 
610 1 |a топливо 
610 1 |a ВВЭР 
610 1 |a безопасность 
700 1 |a Nedyak  |b M. S. 
701 1 |a Kahn  |b A. Y. 
701 1 |a Kuzmin  |b A. V.  |c specialist in the field of power engineering  |c Associate Professor of Tomsk Polytechnic University, Candidate of technical sciences  |f 1942-  |g Arian Valerievich  |3 (RuTPU)RU\TPU\pers\33110  |9 16932 
702 1 |a Kuzmin  |b A. V.  |c specialist in the field of power engineering  |c Associate Professor of Tomsk Polytechnic University, Candidate of technical sciences  |f 1942-  |g Arian Valerievich  |4 727 
712 0 2 |a Национальный исследовательский Томский политехнический университет (ТПУ)  |b Энергетический институт (ЭНИН)  |b Кафедра атомных и тепловых электростанций (АТЭС)  |3 (RuTPU)RU\TPU\col\18683 
801 2 |a RU  |b 63413507  |c 20210119  |g RCR 
856 4 |u http://earchive.tpu.ru/handle/11683/22148 
856 4 |u http://www.lib.tpu.ru/fulltext/c/2015/C01/V1/070.pdf 
942 |c BK